Filmoví amatéri bilancovali

Bibliographic Details
Main Author: Šimkanin, Cyril (Author)
Format: Article
Language:Slovak
Subjects:

MARC

LEADER 00000nab a2200000 a 4500
001 vtls000167999
003 SK-MaSNL
005 20260302203104.0
008 111104c1983 xo 0 slo
015 |a SNBRB19rr/mm-uuuuu 
035 |a CL0178110 
040 |a SNKBUCL  |b slo  |c SNKBUCL  |e AACR2 
041 0 |a slo 
044 |a xo  |c SK 
080 |a 791.43.073  |2 1981 
100 1 |a Šimkanin, Cyril  |4 aut  |9 376877 
245 1 0 |a Filmoví amatéri bilancovali  |c Cyril Šimkanin 
650 0 7 |a amatérske filmy  |2 snkbucl  |9 67242 
650 0 7 |a filmové súťaže  |2 snkbucl  |9 102491 
655 7 |a články z novín a časopisov  |2 snkbucl  |9 267496 
773 0 |t Osvetová práca  |g Roč. 33, č. 16 (1983), s. 34 
850 |a Slovenská národná knižnica v Martine  |a MTA001 
852 |a SNK  |b KIS3GCP 
992 |a RBX 
999 |c 1467713  |d 1469643